Religion Quiz

Random Religion or Lyrics Quiz

Clicky-oke: Alas! and Did My Savior Bleed? Quiz Stats

 Plays Quiz not verified by Sporcle

Support Sporcle.
Go Orange.
Score 0/24 Timer 06:00
0 Plays Today
% Correct
all
81.9%
bleed
80.3%
darkness
78%
debt
77.2%
blushing
74.8%
tree
74%
worm
73.2%
dear
73.2%
Sovereign
72.4%
happy
72.4%
Maker
72.4%
light
71.7%
% Correct
burden
71.7%
love
70.1%
faith
69.3%
unknown
69.3%
devote
66.9%
shut
66.9%
repay
66.9%
self
66.9%
sin
66.1%
eyes
66.1%
crimes
61.4%
dissolve
61.4%

You're not logged in!

Compare scores with friends on all Sporcle quizzes.
OR
Log In

From the Vault

Click-A-Cage

by g_norm

No one:
Literally no one:
Nicolas Cage: I'm going to steal the Declaration of Independence.
Remove Ads.
Support Sporcle.
Get the best of Sporcle when you Go Orange. This ad-free experience offers more features, more stats, and more fun while also helping to support Sporcle. Thank you for becoming a member.

Show Comments

Extras

Top Quizzes Today


Score Distribution

Your Account Isn't Verified!

In order to create a playlist on Sporcle, you need to verify the email address you used during registration. Go to your Sporcle Settings to finish the process.

Report this User

Report this user for behavior that violates our Community Guidelines.

Details: